Ελλάδα και Παγκοσμιοποίηση (Record no. 3769)
[ view plain ]
| 000 -LEADER | |
|---|---|
| fixed length control field | 02028cam a22002054a 4500 |
| 005 - ΗΜΕΡΟΜΗΝΙΑ ΚΑΙ ΩΡΑ ΤΕΛΕΥΤΑΙΑΣ ΕΝΗΜΕΡΩΣΗΣ | |
| Πεδίο ελέγχου | 20250605164124.0 |
| 008 - FIXED-LENGTH DATA ELEMENTS--GENERAL INFORMATION | |
| Πεδίο ελέγχου σταθερού μήκους | 250528s ||||||||||||||||||||||||d |
| 035 ## - SYSTEM CONTROL NUMBER | |
| System control number | 18408 |
| 020 ## - ISBN | |
| ISBN | 9604900765 |
| 040 ## - ΠΗΓΗ ΚΑΤΑΛΟΓΟΓΡΑΦΗΣΗΣ | |
| Φορέας πρωτότυπης καταλογογράφησης | MC Athens Campus Library |
| Γλώσσα καταλογογράφησης | Ελληνικά, Μοντέρνα (1453-) |
| Modifying agency | MC Athens Campus Library |
| Κανόνες περιγραφικής καταλογογράφησης | AACR2 |
| 245 1# - ΤΙΤΛΟΣ ΚΑΙ ΔΗΛΩΣΗ ΥΠΕΥΘΥΝΟΤΗΤΑΣ | |
| Τίτλος | Ελλάδα και Παγκοσμιοποίηση |
| 260 ## - PUBLICATION, DISTRIBUTION, ETC. | |
| Date of publication, distribution, etc. | 2005 |
| 300 ## - PHYSICAL DESCRIPTION | |
| Extent | 196 |
| 520 ## - SUMMARY, ETC. | |
| Summary, etc. | Το βιβλίο αυτό αποτελεί επιστημονική και πολιτική προσέγγιση και ανάλυση της σημερινής Ελληνικής, πολιτικής, οικονομικής και κοινωνικής πραγματικότητας, των προβλημάτων που υπάρχουν και των προοπτικών που διαμορφώνονται για την Ελλάδα και την Ελληνική κοινωνία, στο νέο παγκόσμιο πλαίσιο της εποχής μας. Εισαγωγή, Η Παγκοσμιοποίηση, Μορφές της Παγκοσμιοποίησης, Η Προοπτική της Παγκοσμιοποίησης, Η Ελλάδα και η Παγκοσμιοποίηση, Η Κοινωνία, Κοινωνία και Παγκοσμιοποίηση, Η Ελληνική Κοινωνία, Η Ελληνική Κοινωνία και η Παγκοσμιοποίηση, Το Πολιτικό Σύστημα, Η Παγκοσμιοποίηση, Το Ελληνικό Πολιτικό Σύστημα, Τα Πολιτικά Κόμματα, Οι Επιχερηματίες, Η Οικονομία, Η Ελληνική Προσαρμογή, Η Ελληνική Δυναμική, Στατιστικά Στοιχεία, Η Εξωτερική Πολιτική, Η Παγκόσμια Μεταβολή, Η Ελληνική Εξωτερική Πολιτική, Αντιμετωπίζοντας το Μέλλον. |
| 700 1# - ΠΡΟΣΘΕΤΗ ΑΝΑΓΡΑΦΗ--ΦΥΣΙΚΟ ΠΡΟΣΩΠΟ | |
| Personal name | Libro |
| 9 (RLIN) | 4681 |
| 700 1# - ΠΡΟΣΘΕΤΗ ΑΝΑΓΡΑΦΗ--ΦΥΣΙΚΟ ΠΡΟΣΩΠΟ | |
| Personal name | Αλμπάνης Ευστράτιος Β |
| 9 (RLIN) | 4682 |
| 942 ## - ADDED ENTRY ELEMENTS (KOHA) | |
| Koha item type | Books |
| Τύπος τεκμηρίου | Βιβλιοθήκη | Τρέχουσα τοποθεσία | Barcode | Αριθμός εισαγωγής | Ημερομηνία απόκτησης | Ταξιθετικό σύμβολο | Αριθμός αντιτύπου | Κατάσταση απόσυρσης | Κατάσταση χαμένου | Κατάσταση κατεστραμμένου | Μη δανεισμός | Σύνολο δανεισμών | Ημερομηνία τελευταίας εμφάνισης | Η τιμή ισχύει από |
|---|---|---|---|---|---|---|---|---|---|---|---|---|---|---|
| Books | MC Athens Campus Library | MC Athens Campus Library | 9780000037688 | 3083 | 05/06/2025 | 327.495 ALB | 1 | 05/06/2025 | 05/06/2025 |